000 00283nam a22001337a 4500
008 171228b xxu||||| |||| 00| 0 eng d
020 _a081863152X
041 _aeng
080 _a371
100 _a46
101 _aEDU
245 _aReal-Time Systems
_cKavi, K.M
942 _2udc
_cBK
999 _c39516
_d39516